000 00942nam a22002297a 4500
999 _c8417
_d8417
003 AR-CdUCM
008 190325b ||||| |||| 00| 0 spa d
040 _aMUNICIPALIDAD PROVINCIAL DEL CUSCO
_cBIBLIOTECA MUNICIPAL DEL CUSCO
041 _hrus
082 _a147.3 /
_bL44
100 _aLenin, Nicolas
_923619
245 _aMaterialismo y empiriocriticismo /
260 _aBuenos Aires :
_bEl Quijote,
_c1946.
300 _a410 páginas ;
_c20 cm.
505 _aContenido: La teoría del conocimiento del empiriocritismo y el marialismo dialéctico -- ¿Que es la materia y en qué la experiencia? -- El kantismo criticado por avanzados y reaccionarios -- La revolución moderna en las ciencias naturales y el idealismos filosófico ...
650 _aMaterialismo dialéctico
_96846
650 _aConocimiento
_95704
650 _aTeoría
_95077
700 _aRodas, Asis de (traducción)
_923620
942 _2ddc
_cLIBROS
945 _aachl